Famous Dinosaurs Quiz Stats

 Plays Quiz not verified by Sporcle

Challenge
Share
Tweet
Embed
Score 0/10 Timer 10:00
0 Plays Today
Hint Dinosaur % Correct
One of Andy's toys from 'Toy Story'Rex
86.7%
The Flintstones's pet dinosaurDino
80%
A character in the Mario gamesYoshi
78.3%
PBS Kids's lovable dinosaurBarney
76.7%
The main character of 'The Land Before Time' Littlefoot
65%
Tommy Pickles's favortie TV character from 'Rugrats'Reptar
50%
Protagonist of the Disney 2000 film 'Dinosaur'Aladar
48.3%
The radioactive monster titled 'King of the Monsters'Godzilla
46.7%
One of Barney's friendsBaby Bop
36.7%
T-Rex from 'Meet the Robinsons'Tiny
23.3%

You're not logged in!

Compare scores with friends on all Sporcle quizzes.
OR
Log In

You Might Also Like...

Show Comments

Extras

Created Nov 19, 2012ReportNominate
Tags:Famous Quiz, dinosaur

Top Quizzes Today


Score Distribution

Your Account Isn't Verified!

In order to create a playlist on Sporcle, you need to verify the email address you used during registration. Go to your Sporcle Settings to finish the process.

Report this User

Report this user for behavior that violates our Community Guidelines.

Details: